| 000 | 01785nam0a2200361 i 4500 | ||
|---|---|---|---|
| 001 | RU\NLR\BIBL_A\010709564 | ||
| 005 | 20240921194419.0 | ||
| 010 |
_a9785439608676 _93000 |
||
| 021 |
_aRU _b2015-9039 _9561 |
||
| 035 | _a(NILC)RuMoRGB-007870822 | ||
| 035 | _a(NLR Aleph) 010709564 | ||
| 090 |
_a9763820 _c9763820 |
||
| 100 | _a20150330d2015 km y0rusy50 ca | ||
| 101 | 0 | _arus | |
| 102 | _aRU | ||
| 105 | _ay|||z|||000zy | ||
| 200 | 1 |
_aПричинение имущественного ущерба путем обмана или злоупотребления доверием без признаков хищения в уголовном праве России и Беларуси: сравнительное исследование _eмонография _fА. В. Ковальчук |
|
| 210 |
_aМосква _cЮрлитинформ _d2015 |
||
| 215 |
_a254, [1] с. _d21 |
||
| 225 | 1 | _aУголовное право | |
| 300 | _aНа обороте тит. л. авт.: Ковальчук А.В., к.ю.н., преп. | ||
| 320 | _aБиблиогр.: с. 227-253 (353 назв.) и в подстроч. примеч. | ||
| 606 | 1 |
_aОбман _xУголовная ответственность _yРоссийская Федерация _92622709 _3RU\NLR\AUTH\661559269 |
|
| 606 | 1 |
_aОбман _xУголовная ответственность _yБеларусь, Республика _92245235 _3RU\NLR\AUTH\6601578106 |
|
| 610 | 0 | _aзлоупотребление доверием | |
| 686 | 1 | _aХ628.111.213 | |
| 686 | 1 | _aХ628.9(2)111.213 | |
| 700 | 1 |
_aКовальчук _bА. В. _gАлексей Васильевич |
|
| 801 | 0 |
_aRU _bРГБ _c20150218 _gRCR |
|
| 942 | _cBOOK | ||
| 980 | _aNBR | ||